[Event "BL 1011 Solinger SG - SV Wattenscheid"]
[Site "?"]
[Date "2010.12.12"]
[Round "6.4"]
[White "Ragger, Markus"]
[Black "Rustemov, Alexander"]
[Result "1-0"]
[WhiteElo "2628"]
[BlackElo "2541"]
[PlyCount "99"]
[EventDate "2010.??.??"]

1. Nf3 d5 2. d4 e6 3. c4 dxc4 4. e3 c5 5. Bxc4 Nf6 6. O-O a6 7. Bb3 cxd4 8.
exd4 Be7 9. Nc3 O-O 10. Bg5 Nc6 11. Qd2 Nd5 12. Nxd5 exd5 13. Bxe7 Nxe7 14.
Rfe1 h6 15. Rac1 Be6 16. Ne5 Qb6 17. Nd7 Bxd7 18. Rxe7 Qd6 19. Re5 Bc6 20. Qd3
Rfe8 21. Bc2 g6 22. f4 Qf6 23. Qg3 Rac8 24. Rce1 Bd7 25. Bb3 Rxe5 26. fxe5 Qb6
27. Qe3 Be6 28. h4 h5 29. Kh2 a5 30. Re2 a4 31. Bc2 Rc4 32. Rd2 Qc7 33. Bd3 Rb4
34. a3 Rb3 35. Qg5 Rb6 36. Bc2 Bg4 37. Bxa4 Bf5 38. Rf2 Kh7 39. Qf4 Qc4 40. Bd1
Be6 41. Bc2 Rc6 42. Qe3 Kg7 43. Bd3 Qc1 44. Qf3 Qh6 45. Qf6+ Kh7 46. Qe7 Qe3
47. Rf3 Qxd4 48. Bxg6+ Kxg6 49. Qg5+ Kh7 50. Rf6 1-0

[Event "BL 1011 Solinger SG - SV Wattenscheid"]
[Site "?"]
[Date "2010.12.12"]
[Round "6.8"]
[White "Naumann, Alexander"]
[Black "Dinstuhl, Volkmar Dr"]
[Result "1-0"]
[WhiteElo "2544"]
[BlackElo "2424"]
[PlyCount "73"]
[EventDate "2010.??.??"]

1. Nf3 c5 2. c4 g6 3. g3 Bg7 4. Bg2 Nc6 5. Nc3 e5 6. O-O d6 7. a3 a5 8. Ne1 Be6
9. d3 Nge7 10. Nc2 d5 11. cxd5 Nxd5 12. Ne3 Nde7 13. Nc4 O-O 14. Bg5 Rb8 15.
Bxc6 bxc6 16. Na4 Rb5 17. Be3 Bh3 18. Re1 Nf5 19. Bxc5 Re8 20. b4 axb4 21. axb4
Bf8 22. Qd2 Nd4 23. Bxf8 Rxf8 24. Nc5 Re8 25. Ra7 Bg4 26. Qa2 Re7 27. Nxe5 Bxe2
28. Rxe7 Qxe7 29. Rxe2 Nxe2+ 30. Qxe2 Rxb4 31. Qe3 Qf6 32. Ned7 Qd6 33. Qe8+
Kg7 34. Ne4 Rb1+ 35. Kg2 Qb4 36. Qe5+ Kh6 37. Ndf6 1-0

[Event "BL 1011 SC Remagen - Turm Emsdetten"]
[Site "?"]
[Date "2010.12.12"]
[Round "6.1"]
[White "Giri, Anish"]
[Black "Parligras, Mircea"]
[Result "1/2-1/2"]
[WhiteElo "2677"]
[BlackElo "2601"]
[PlyCount "89"]
[EventDate "2010.??.??"]

1. Nf3 Nf6 2. c4 e6 3. g3 b6 4. Bg2 Bb7 5. d4 Be7 6. Nc3 Ne4 7. Bd2 O-O 8. d5
Nxd2 9. Qxd2 Bb4 10. Nd4 e5 11. Nc2 Bxc3 12. Qxc3 d6 13. e4 Nd7 14. Ne3 a5 15.
O-O Nc5 16. f4 f6 17. f5 Bc8 18. b3 Bd7 19. a4 g5 20. Bf3 Kg7 21. h4 h6 22. Kf2
Qe7 23. Rh1 Rh8 24. Rh3 Rag8 25. Rah1 Be8 26. Qc2 Qf8 27. Qd1 Kf7 28. hxg5 Rxg5
29. Rh4 Ke7 30. R1h3 Qg7 31. Nf1 Bf7 32. Qc2 Kd8 33. Bd1 Ke7 34. Qe2 Kd8 35.
Qf3 Ke7 36. Qe3 Ke8 37. Nh2 Kf8 38. Ng4 h5 39. Nh2 Rg8 40. Nf1 Rh8 41. Rh1 Qh6
42. R1h3 Rgg8 43. Nh2 Qxe3+ 44. Kxe3 Rh7 45. Nf1 1/2-1/2

[Event "BL 1011 SC Remagen - Turm Emsdetten"]
[Site "?"]
[Date "2010.12.12"]
[Round "6.2"]
[White "Dgebuadze, Alexandre"]
[Black "Mchedlishvili, Mikheil"]
[Result "1/2-1/2"]
[WhiteElo "2524"]
[BlackElo "2628"]
[PlyCount "44"]
[EventDate "2010.??.??"]

1. e4 e5 2. Nf3 Nc6 3. Bb5 Nf6 4. O-O Nxe4 5. d4 Nd6 6. Bxc6 dxc6 7. dxe5 Nf5
8. Qxd8+ Kxd8 9. Nc3 Ke8 10. Rd1 h6 11. h3 Be7 12. b3 Be6 13. Ne2 Rd8 14. Bb2
Bd5 15. Ned4 Be4 16. Re1 Nxd4 17. Nxd4 Bg6 18. c4 Bc5 19. Rad1 Bxd4 20. Rxd4
Rxd4 21. Bxd4 b6 22. f3 Ke7 1/2-1/2

[Event "BL 1011 SC Remagen - Turm Emsdetten"]
[Site "?"]
[Date "2010.12.12"]
[Round "6.3"]
[White "Hector, Jonny"]
[Black "Swinkels, Robin"]
[Result "0-1"]
[WhiteElo "2592"]
[BlackElo "2478"]
[PlyCount "80"]
[EventDate "2010.??.??"]

1. e4 c6 2. d4 d5 3. Nd2 dxe4 4. Nxe4 Bf5 5. Ng3 Bg6 6. h4 h6 7. Nf3 Nd7 8. h5
Bh7 9. Bd3 Bxd3 10. Qxd3 e6 11. Bf4 Qa5+ 12. Nd2 Ngf6 13. Qe2 Nd5 14. Be3 Nb4
15. O-O Qc7 16. Nb3 a5 17. c4 a4 18. Nc1 a3 19. bxa3 Rxa3 20. Nb3 Be7 21. Qb2
Ra4 22. Ne4 O-O 23. a3 Na6 24. Qe2 Nf6 25. Nxf6+ Bxf6 26. Ra2 Ra8 27. Rb1 Qe7
28. Nd2 c5 29. dxc5 Nb4 30. Rab2 Bxb2 31. Rxb2 Nc6 32. g3 Rxa3 33. Ne4 Ne5 34.
Nd6 Qc7 35. Kh2 Qc6 36. g4 Ra1 37. f3 Re1 38. Qf2 Nd3 39. Ra2 Rxa2 40. Qxa2
Qxf3 0-1

[Event "BL 1011 SC Remagen - Turm Emsdetten"]
[Site "?"]
[Date "2010.12.12"]
[Round "6.4"]
[White "Bok, Benjamin"]
[Black "Janssen, Ruud"]
[Result "1/2-1/2"]
[WhiteElo "2453"]
[BlackElo "2498"]
[PlyCount "106"]
[EventDate "2010.??.??"]

1. e4 e5 2. Nf3 Nc6 3. Bb5 a6 4. Ba4 Nf6 5. O-O Be7 6. Re1 b5 7. Bb3 d6 8. c3
O-O 9. h3 Nd7 10. d4 Nb6 11. Nbd2 Bf6 12. Nf1 Re8 13. Ng3 g6 14. Be3 Na5 15.
Bc2 Nac4 16. Bc1 Nd7 17. a4 Rb8 18. b3 Ncb6 19. a5 Na8 20. d5 Bb7 21. c4 b4 22.
Re2 Qe7 23. Bd2 c5 24. dxc6 Bxc6 25. Qe1 Nc5 26. Bxb4 Nc7 27. Rb1 N7e6 28. Bc3
Nd4 29. Bxd4 exd4 30. Qd1 Ne6 31. Rd2 Qc7 32. b4 Ba8 33. Bd3 Nf4 34. Rc2 h5 35.
h4 Qe7 36. Qd2 Nxd3 37. Qxd3 Bxh4 38. Qxd4 Bxg3 39. fxg3 Qxe4 40. Rcc1 Qf5 41.
Qf4 Qxf4 42. gxf4 Re2 43. b5 Ra2 44. bxa6 Rc8 45. Rb5 Bxf3 46. gxf3 Ra8 47. Rb6
Rxa5 48. Rxd6 R5xa6 49. Rxa6 Rxa6 50. c5 Kf8 51. f5 Ke7 52. fxg6 fxg6 53. Kf2
Ra3 1/2-1/2

[Event "BL 1011 SC Remagen - Turm Emsdetten"]
[Site "?"]
[Date "2010.12.12"]
[Round "6.5"]
[White "Grandelius, Nils"]
[Black "Michiels, Bart"]
[Result "1/2-1/2"]
[WhiteElo "2500"]
[BlackElo "2459"]
[PlyCount "117"]
[EventDate "2010.??.??"]

1. d4 d5 2. c4 c6 3. Nf3 Nf6 4. e3 e6 5. b3 Nbd7 6. Bb2 b6 7. Bd3 Bb7 8. O-O
Bd6 9. Ne5 O-O 10. Nd2 c5 11. cxd5 Bxd5 12. Nxd7 Nxd7 13. dxc5 Nxc5 14. Qg4 g6
15. Bc4 Bb7 16. Nf3 Qe7 17. Qd4 f6 18. Qg4 Kh8 19. Nd4 Rae8 20. Bb5 Ba6 21. b4
Bxb5 22. bxc5 Bxh2+ 23. Kxh2 Bxf1 24. Rxf1 bxc5 25. Nb3 Rc8 26. Rc1 Rc6 27. Qf3
Qc7+ 28. g3 Kg7 29. Ba3 Rc8 30. Bxc5 e5 31. Rd1 Qf7 32. Qg4 h5 33. Qa4 Kh6 34.
Rc1 R6c7 35. Qa5 g5 36. Qb4 Qd5 37. e4 Qd3 38. Qe1 Kg6 39. Rd1 Qf3 40. Nd2 Qg4
41. f3 Qe6 42. Be3 a5 43. f4 exf4 44. gxf4 Qg4 45. fxg5 fxg5 46. Rb1 Qh4+ 47.
Qxh4 gxh4 48. Nf3 Rc2+ 49. Kh3 R8c3 50. Re1 Rxa2 51. Kxh4 a4 52. Kg3 Raa3 53.
Nh4+ Kf6 54. Nf5 Ke5 55. Kf3 Rc4 56. Nh6 Rcc3 57. Nf5 Rc4 58. Nh6 Rcc3 59. Nf5
1/2-1/2

[Event "BL 1011 SC Remagen - Turm Emsdetten"]
[Site "?"]
[Date "2010.12.12"]
[Round "6.6"]
[White "Teske, Henrik"]
[Black "Fiebig, Thomas"]
[Result "1-0"]
[WhiteElo "2522"]
[BlackElo "2453"]
[PlyCount "111"]
[EventDate "2010.??.??"]

1. e4 e6 2. d4 d5 3. exd5 exd5 4. Nf3 Nf6 5. Nc3 Be7 6. Bf4 O-O 7. Bd3 Re8 8.
O-O Bg4 9. h3 Bh5 10. g4 Bg6 11. Ne5 Bxd3 12. Qxd3 c6 13. Rae1 Nbd7 14. Re3
Nxe5 15. Bxe5 Nd7 16. Bf4 Nf8 17. Nd1 Qd7 18. Rfe1 Ng6 19. Bg3 Bg5 20. Qf5 Rxe3
21. Nxe3 Qd8 22. Ng2 Bf6 23. c3 Nf8 24. Nf4 g6 25. Qd3 Qd7 26. Qf3 Bg7 27. Qe3
f6 28. Nd3 b6 29. Qe7 a5 30. Qxd7 Nxd7 31. Re7 Ra7 32. Nf4 Kf8 33. Re6 c5 34.
Nxd5 cxd4 35. cxd4 f5 36. Bd6+ Kg8 37. Re8+ Bf8 38. Bxf8 Nxf8 39. gxf5 Kf7 40.
Re5 Rb7 41. Kg2 gxf5 42. Rxf5+ Ke6 43. Ne3 Ng6 44. Kg3 Rd7 45. Rb5 Rxd4 46.
Rxb6+ Kf7 47. Rb7+ Ke6 48. Rxh7 Rb4 49. Ra7 a4 50. a3 Rd4 51. Ra6+ Kf7 52. Ng4
Kg7 53. Ra7+ Kg8 54. Nf6+ Kf8 55. Nd7+ Kg8 56. Nc5 1-0

[Event "BL 1011 SC Remagen - Turm Emsdetten"]
[Site "?"]
[Date "2010.12.12"]
[Round "6.7"]
[White "Zumsande, Martin"]
[Black "Popovic, Petar"]
[Result "1/2-1/2"]
[WhiteElo "2414"]
[BlackElo "2495"]
[PlyCount "101"]
[EventDate "2010.??.??"]

1. e4 c5 2. c3 d5 3. exd5 Qxd5 4. d4 Nf6 5. Nf3 Bg4 6. dxc5 Qxd1+ 7. Kxd1 Nc6
8. b4 a5 9. b5 Ne5 10. Be2 Nxf3 11. gxf3 Bf5 12. Be3 Nd5 13. Bd4 f6 14. Bc4
O-O-O 15. Bxd5 Rxd5 16. Nd2 e5 17. Be3 a4 18. c4 Rd7 19. Rg1 Be6 20. Rb1 f5 21.
Rb4 f4 22. Rxa4 Rf7 23. Ra8+ Kc7 24. Ke2 fxe3 25. fxe3 g6 26. a4 Bg7 27. Rxh8
Bxh8 28. Rc1 Rf8 29. a5 Ra8 30. Nb3 Bf6 31. c6 b6 32. a6 Be7 33. Nd2 Rd8 34.
Ne4 g5 35. c5 g4 36. f4 exf4 37. exf4 Bd5 38. Ke3 Re8 39. cxb6+ Kxb6 40. c7 Rc8
41. Kd4 Ba8 42. Ke5 Ba3 43. Nd6 Bxc1 44. Nxc8+ Kxc7 45. b6+ Kxc8 46. b7+ Bxb7
47. axb7+ Kxb7 48. Kf5 Kc6 49. Kxg4 Kd5 50. h4 Ke4 51. Kg3 1/2-1/2

[Event "BL 1011 SC Remagen - Turm Emsdetten"]
[Site "?"]
[Date "2010.12.12"]
[Round "6.8"]
[White "Seel, Christian"]
[Black "Richter, Christian"]
[Result "1/2-1/2"]
[WhiteElo "2483"]
[BlackElo "2392"]
[PlyCount "209"]
[EventDate "2010.??.??"]

1. Nf3 Nf6 2. g3 g6 3. Bg2 Bg7 4. O-O O-O 5. d4 d6 6. a4 a5 7. Nbd2 Nc6 8. e4
Bg4 9. d5 Ne5 10. h3 Nxf3+ 11. Nxf3 Bc8 12. Re1 Nd7 13. Rb1 Nc5 14. b3 e5 15.
dxe6 Nxe6 16. c4 Re8 17. Ba3 Ng5 18. Nxg5 Qxg5 19. Kh2 Be6 20. f4 Qd8 21. Qf3
Bd7 22. Rbd1 Qc8 23. c5 dxc5 24. Bxc5 Bc6 25. Bd4 Bxd4 26. Rxd4 Qe6 27. Qd3 Ra6
28. Rc1 Rb6 29. Rc3 f6 30. Qe3 Kg7 31. Rcd3 Re7 32. h4 Qg4 33. Bf3 Qe6 34. Bg2
Qg4 35. Bf3 Qe6 36. Rc4 Rxb3 37. Rcd4 Rb2+ 38. Rd2 Qb3 39. Qxb3 Rxb3 40. Bg2
Ra3 41. g4 Bxa4 42. g5 fxg5 43. hxg5 h6 44. gxh6+ Kxh6 45. f5 Kg5 46. Rd8 Be8
47. Rf2 gxf5 48. Rxf5+ Kg4 49. Rdd5 Rh7+ 50. Kg1 Ra1+ 51. Kf2 Ra2+ 52. Kg1 Rg7
53. Rxa5 Rxa5 54. Rxa5 Rg5 55. Ra8 Re5 56. Kf2 Kf4 57. Ra3 Bh5 58. Ra8 Re8 59.
Ra7 Rb8 60. e5 c6 61. Ra4+ Kg5 62. Rb4 Be8 63. Ke3 Kf5 64. Kd4 b6 65. Bh3+ Kf4
66. Rb2 Rd8+ 67. Kc3 b5 68. e6 Ke5 69. Re2+ Kf6 70. e7 Rd6 71. Kb4 Rd5 72. Re6+
Kf7 73. Re3 c5+ 74. Ka5 Rd6 75. Re5 c4 76. Kb4 Kf6 77. Re3 Rc6 78. Bd7 Bxd7 79.
e8=Q Bxe8 80. Rxe8 Re6 81. Rf8+ Ke7 82. Ra8 Re5 83. Ra6 Kd7 84. Rh6 Kc7 85. Rg6
Rd5 86. Rh6 Rd6 87. Rh7+ Kc6 88. Rh5 Rd5 89. Rh6+ Kd7 90. Rg6 Re5 91. Rb6 Ke7
92. Ra6 Kf7 93. Rb6 Rf5 94. Ra6 Rg5 95. Rb6 Re5 96. Ra6 Re6 97. Ra8 Rb6 98. Kc5
Rb7 99. Kc6 Re7 100. Kxb5 Rc7 101. Kb6 Re7 102. Rc8 Re4 103. Kb5 Kg7 104. Rxc4
Rxc4 105. Kxc4 1/2-1/2

[Event "BL 1011 SV Mülheim Nord - SV Griesheim"]
[Site "?"]
[Date "2010.12.12"]
[Round "6.2"]
[White "Tregubov, Pavel V"]
[Black "Murdzia, Piotr"]
[Result "1-0"]
[WhiteElo "2598"]
[BlackElo "2477"]
[PlyCount "119"]
[EventDate "2010.??.??"]

1. d4 d5 2. Nf3 c6 3. c4 Nf6 4. e3 Bg4 5. h3 Bxf3 6. Qxf3 e6 7. Nc3 Nbd7 8. Bd2
Bb4 9. Bd3 O-O 10. a3 Ba5 11. b4 Bc7 12. cxd5 cxd5 13. O-O Bb6 14. Rfc1 Re8 15.
Bf1 Rc8 16. a4 Bc7 17. a5 Bd6 18. Nb5 Rxc1 19. Rxc1 Bb8 20. Qd1 Ne4 21. Be1
Ndf6 22. Qa4 a6 23. Nc3 Qc7 24. g3 Rc8 25. Ne2 Qd8 26. Qd1 Nd6 27. Nf4 Nfe8 28.
Nd3 Rxc1 29. Qxc1 Nc7 30. Nc5 h6 31. Bd3 Qe7 32. Kg2 Ncb5 33. f3 f5 34. Bf2 Kf7
35. Qe1 Ba7 36. g4 Nc7 37. Bg3 Nce8 38. Be5 Kg8 39. Qb1 g6 40. b5 axb5 41. Bxb5
Nf7 42. Bg3 Ned6 43. Bd3 Nd8 44. Bxd6 Qxd6 45. Nxb7 Qb8 46. Nxd8 Qxd8 47. Qb5
Qc8 48. a6 Kf7 49. f4 Kf6 50. Qb4 Qb8 51. Qxb8 Bxb8 52. gxf5 exf5 53. h4 Ba7
54. Kf3 g5 55. fxg5+ hxg5 56. h5 g4+ 57. Kg2 f4 58. exf4 Bxd4 59. Kg3 Bb6 60.
Kxg4 1-0

[Event "BL 1011 SV Mülheim Nord - SV Griesheim"]
[Site "?"]
[Date "2010.12.12"]
[Round "6.3"]
[White "Grabarczyk, Miroslaw"]
[Black "Landa, Konstantin"]
[Result "1/2-1/2"]
[WhiteElo "2475"]
[BlackElo "2611"]
[PlyCount "41"]
[EventDate "2010.??.??"]

1. d4 Nf6 2. c4 e6 3. Nf3 d5 4. Nc3 Bb4 5. cxd5 exd5 6. Qa4+ Nc6 7. Bg5 h6 8.
Bxf6 Qxf6 9. e3 O-O 10. Be2 Rd8 11. O-O a6 12. a3 Bf8 13. b4 Bf5 14. Qb3 Na7
15. Rfc1 c6 16. Na4 Nc8 17. Nc5 Nd6 18. a4 Bg4 19. Qd1 Bxf3 20. Bxf3 b5 21. Ra2
1/2-1/2

[Event "BL 1011 SV Mülheim Nord - SV Griesheim"]
[Site "?"]
[Date "2010.12.12"]
[Round "6.4"]
[White "Malakhatko, Vadim"]
[Black "Grabarczyk, Bogdan"]
[Result "1/2-1/2"]
[WhiteElo "2578"]
[BlackElo "2448"]
[PlyCount "43"]
[EventDate "2010.??.??"]

1. d4 d5 2. c4 dxc4 3. e4 Nc6 4. Nf3 Bg4 5. d5 Ne5 6. Bf4 Ng6 7. Be3 a6 8. Bxc4
Nh4 9. Rg1 e5 10. Nbd2 Bd6 11. Qb3 b5 12. Be2 Bxf3 13. Nxf3 Nxf3+ 14. Bxf3 Nf6
15. Ke2 O-O 16. Rgc1 Nd7 17. Qc2 Qh4 18. h3 g6 19. g3 Qe7 20. Bh6 Rfe8 21. Kf1
f5 22. h4 1/2-1/2

[Event "BL 1011 SV Mülheim Nord - SV Griesheim"]
[Site "?"]
[Date "2010.12.12"]
[Round "6.5"]
[White "Geske, Julian"]
[Black "Hausrath, Daniel"]
[Result "1/2-1/2"]
[WhiteElo "2364"]
[BlackElo "2537"]
[PlyCount "49"]
[EventDate "2010.??.??"]

1. e4 c5 2. Nf3 g6 3. d4 cxd4 4. Nxd4 Bg7 5. Nc3 Nc6 6. Be3 Nf6 7. Bc4 O-O 8.
Bb3 b6 9. O-O Bb7 10. Re1 Qc7 11. Nd5 Nxd5 12. exd5 Nxd4 13. Bxd4 e5 14. dxe6
dxe6 15. Bxg7 Kxg7 16. Qd4+ Kg8 17. Rad1 Rad8 18. Qf6 Rd6 19. c3 Rfd8 20. h4
Qc6 21. Qg5 h6 22. Qg4 Rxd1 23. Rxd1 Rxd1+ 24. Bxd1 h5 25. Qg3 1/2-1/2

[Event "BL 1011 SV Mülheim Nord - SV Griesheim"]
[Site "?"]
[Date "2010.12.12"]
[Round "6.6"]
[White "Saltaev, Mihail"]
[Black "Walter, Stefan"]
[Result "1-0"]
[WhiteElo "2483"]
[BlackElo "2321"]
[PlyCount "121"]
[EventDate "2010.??.??"]

1. e4 e5 2. Nf3 Nc6 3. Bc4 Nf6 4. d3 Be7 5. Nc3 O-O 6. a4 d6 7. h3 Be6 8. O-O
h6 9. Re1 Re8 10. Bd2 Bf8 11. Rb1 Nd4 12. b4 c6 13. Bxe6 Nxf3+ 14. Qxf3 Rxe6
15. b5 Nd7 16. Be3 Qa5 17. Rb3 Be7 18. Reb1 Bg5 19. Bxg5 hxg5 20. bxc6 bxc6 21.
Qf5 Qd8 22. Rb7 g6 23. Qf3 Kg7 24. Ne2 Re7 25. d4 Nb6 26. Rxe7 Qxe7 27. Qc3 c5
28. dxe5 Qxe5 29. a5 Qxc3 30. Nxc3 Nc4 31. a6 Na3 32. Rb2 Rc8 33. Ra2 Nc4 34.
Nb5 Ra8 35. Ra4 Nb6 36. Ra3 d5 37. Nc7 Rc8 38. Nxd5 Nxd5 39. exd5 c4 40. Kf1
Rd8 41. Ra5 Kf6 42. Rc5 Rd7 43. Rxc4 Ke5 44. c3 Kxd5 45. Rd4+ Kc6 46. Rxd7 Kxd7
47. Ke2 Kc6 48. Kd3 Kd5 49. g3 f6 50. f3 f5 51. f4 gxf4 52. gxf4 Kc5 53. c4 Kb6
54. Kd4 Kxa6 55. Kc5 Kb7 56. Kd6 g5 57. fxg5 f4 58. g6 f3 59. g7 f2 60. g8=Q
f1=Q 61. Qd5+ 1-0

[Event "BL 1011 SV Mülheim Nord - SV Griesheim"]
[Site "?"]
[Date "2010.12.12"]
[Round "6.7"]
[White "Nothnagel, Markus"]
[Black "Levin, Felix"]
[Result "0-1"]
[WhiteElo "2249"]
[BlackElo "2482"]
[PlyCount "106"]
[EventDate "2010.??.??"]

1. b3 d5 2. Bb2 Nf6 3. e3 g6 4. f4 Bg7 5. Nf3 O-O 6. d4 c5 7. Bd3 Qc7 8. c3 Ne4
9. O-O Nd6 10. Nbd2 Bf5 11. Qe2 Nd7 12. Rac1 Bxd3 13. Qxd3 b5 14. Ne5 c4 15.
Qc2 Nf6 16. Ba3 Nfe4 17. Bxd6 exd6 18. Nef3 Qc6 19. bxc4 bxc4 20. Nxe4 dxe4 21.
Nd2 d5 22. Rb1 Rfb8 23. Rxb8+ Rxb8 24. Rb1 Rb6 25. Rxb6 axb6 26. Kf2 b5 27. Qb2
Bf8 28. Nb1 Qa6 29. a3 Qa4 30. Ke2 Bd6 31. Ke1 Kf8 32. Kd2 Ke7 33. Qc2 Qxc2+
34. Kxc2 g5 35. g3 Kf6 36. Kd2 Kf5 37. h3 h5 38. Ke2 gxf4 39. gxf4 Be7 40. Kf2
Ke6 41. Ke2 Kd7 42. Kd1 Kc6 43. Kc2 Kb6 44. Kb2 Ka5 45. Nd2 Ka4 46. Nb1 Bf8 47.
Ka2 Bd6 48. Kb2 Be7 49. Kc2 Bxa3 50. Nd2 Be7 51. Nf1 Bh4 52. Kb2 Bf2 53. Kc2
Ka3 0-1

[Event "BL 1011 SV Mülheim Nord - SV Griesheim"]
[Site "?"]
[Date "2010.12.12"]
[Round "6.8"]
[White "Litwak, Aleksej"]
[Black "Chernyavskyy, Anton"]
[Result "1/2-1/2"]
[WhiteElo "2304"]
[BlackElo "2213"]
[PlyCount "81"]
[EventDate "2010.??.??"]

1. e4 c5 2. Nf3 Nc6 3. d4 cxd4 4. Nxd4 Nf6 5. Nc3 e5 6. Ndb5 d6 7. Bg5 a6 8.
Na3 b5 9. Nd5 Be7 10. Bxf6 Bxf6 11. c3 Bg5 12. Nc2 O-O 13. a4 bxa4 14. Rxa4 a5
15. Bc4 Rb8 16. b3 Be6 17. Nce3 Qd7 18. O-O Kh8 19. Qd3 f5 20. exf5 Bxf5 21.
Nxf5 Qxf5 22. Qxf5 Rxf5 23. f3 g6 24. Re1 Rff8 25. Kf1 Rfc8 26. Re4 Rf8 27. Ke1
Bd8 28. Kd1 Rb7 29. Kc2 Ne7 30. Re2 Nxd5 31. Bxd5 Rb5 32. Rd2 Rc5 33. Rc4 Bb6
34. Rxc5 Bxc5 35. Kd3 Kg7 36. Ra2 Bb6 37. Ra4 Rb8 38. Rc4 Bc5 39. Ra4 Bb6 40.
Ke4 Rf8 41. Kd3 1/2-1/2

[Event "BL 1011 SF Katernberg - SG Turm Trier"]
[Site "?"]
[Date "2010.12.12"]
[Round "6.1"]
[White "Bobras, Piotr"]
[Black "Volokitin, Andrei"]
[Result "1-0"]
[WhiteElo "2535"]
[BlackElo "2661"]
[PlyCount "63"]
[EventDate "2010.??.??"]

1. e4 c5 2. Nf3 e6 3. d4 cxd4 4. Nxd4 a6 5. Bd3 Bc5 6. Nb3 Be7 7. Qg4 g6 8. Qe2
d6 9. O-O Nc6 10. a4 Ne5 11. a5 Nf6 12. Be3 O-O 13. N1d2 Nxd3 14. cxd3 e5 15.
Bb6 Qe8 16. d4 Bd7 17. Rfc1 Bb5 18. Qe3 Nd7 19. Rc7 Qb8 20. Qh6 Rc8 21. Rac1
Rxc7 22. Bxc7 Qf8 23. Qe3 Rc8 24. Nf3 Nc5 25. dxc5 Rxc7 26. cxd6 Rxc1+ 27. Nxc1
Bxd6 28. Na2 Qd8 29. Qd2 Qc7 30. h4 Bc6 31. Nc3 Bb4 32. Qg5 1-0

[Event "BL 1011 SF Katernberg - SG Turm Trier"]
[Site "?"]
[Date "2010.12.12"]
[Round "6.2"]
[White "Chuchelov, Vladimir"]
[Black "Haslinger, Stewart"]
[Result "1/2-1/2"]
[WhiteElo "2565"]
[BlackElo "2543"]
[PlyCount "93"]
[EventDate "2010.??.??"]

1. Nf3 d5 2. d4 Nf6 3. c4 e6 4. Nc3 Be7 5. Bg5 h6 6. Bh4 O-O 7. e3 Nbd7 8. Qc2
c5 9. Rd1 b6 10. cxd5 Nxd5 11. Bxe7 Qxe7 12. Nxd5 exd5 13. dxc5 Nxc5 14. Be2
Be6 15. O-O Rac8 16. Nd4 a5 17. Bf3 Rfd8 18. Qb1 Qf6 19. Rc1 Qe5 20. Rfd1 Bd7
21. a3 Ne4 22. Qd3 Nc5 23. Qb1 Ne4 24. Rxc8 Rxc8 25. Qd3 Nc5 26. Qe2 Ne6 27.
Nb5 Rc5 28. Nc3 d4 29. exd4 Nxd4 30. Qxe5 Rxe5 31. Be4 Ne2+ 32. Nxe2 Rxe4 33.
Nc3 Re8 34. f3 Bc6 35. Rd6 Rc8 36. Ne2 b5 37. Nd4 Be8 38. Kf2 Kf8 39. Ke3 Rc1
40. Nb3 Re1+ 41. Kf2 Rb1 42. Rd2 a4 43. Nd4 Bd7 44. Ke3 Ke7 45. Ke4 Rc1 46. Rc2
Rh1 47. h3 1/2-1/2

[Event "BL 1011 SF Katernberg - SG Turm Trier"]
[Site "?"]
[Date "2010.12.12"]
[Round "6.3"]
[White "Seger, Ruediger"]
[Black "Bischoff, Klaus"]
[Result "1/2-1/2"]
[WhiteElo "2416"]
[BlackElo "2553"]
[PlyCount "48"]
[EventDate "2010.??.??"]

1. e4 c5 2. c3 d5 3. exd5 Qxd5 4. d4 Nf6 5. Nf3 e6 6. Be3 cxd4 7. cxd4 Be7 8.
Nc3 Qd8 9. Bd3 O-O 10. O-O b6 11. Qe2 Bb7 12. Rad1 Nd5 13. Rfe1 Nd7 14. Nxd5
Bxd5 15. a3 Bb7 16. Ne5 Nf6 17. Bg5 Qd5 18. Qf1 Qd6 19. Bb1 Nd5 20. Qd3 g6 21.
Bh6 Rfe8 22. Qf3 Bf6 23. Bg5 Qe7 24. h4 Kg7 1/2-1/2

[Event "BL 1011 SF Katernberg - SG Turm Trier"]
[Site "?"]
[Date "2010.12.12"]
[Round "6.4"]
[White "Firman, Nazar"]
[Black "Cioara, Andrei Nestor"]
[Result "1-0"]
[WhiteElo "2551"]
[BlackElo "2426"]
[PlyCount "69"]
[EventDate "2010.??.??"]

1. e4 e6 2. d4 d5 3. Nc3 Bb4 4. e5 c5 5. a3 Ba5 6. b4 cxd4 7. Nb5 Bc7 8. f4 Bd7
9. Nf3 Bxb5 10. Bxb5+ Nc6 11. Bd3 Nge7 12. O-O a6 13. Kh1 Bb6 14. Rb1 Nf5 15.
Bxf5 exf5 16. Qd3 Qd7 17. b5 Na5 18. bxa6 Rxa6 19. Bd2 Nc4 20. Bb4 Ba5 21. Nxd4
Bxb4 22. Rxb4 g6 23. Nb5 O-O 24. Rfb1 Rd8 25. a4 Qe7 26. Nc3 Rd7 27. Nxd5 Qd8
28. Rd1 Ne3 29. Nf6+ Rxf6 30. Qxd7 Qxd7 31. Rxd7 Rc6 32. Rd2 Nxc2 33. Rxb7 Ne3
34. Rb1 Rc4 35. Ra1 1-0

[Event "BL 1011 SF Katernberg - SG Turm Trier"]
[Site "?"]
[Date "2010.12.12"]
[Round "6.5"]
[White "Brunner, Nicolas"]
[Black "Glek, Igor V"]
[Result "1/2-1/2"]
[WhiteElo "2462"]
[BlackElo "2467"]
[PlyCount "159"]
[EventDate "2010.??.??"]

1. d4 e6 2. c4 f5 3. g3 Nf6 4. Bg2 Be7 5. Nf3 O-O 6. O-O d6 7. Nc3 Ne4 8. Nxe4
fxe4 9. Nd2 d5 10. f3 Nc6 11. fxe4 dxc4 12. e3 e5 13. d5 Na5 14. Rxf8+ Bxf8 15.
Qa4 b6 16. Nxc4 Bd7 17. Qc2 Nxc4 18. Qxc4 Bd6 19. Bd2 a5 20. Rf1 Qg5 21. Rf2 h5
22. Qf1 h4 23. gxh4 Qxh4 24. Qe2 Bg4 25. Qf1 Qg5 26. Kh1 Rf8 27. Rxf8+ Bxf8 28.
Qf2 Qh5 29. Be1 Bc5 30. Qg3 Bd7 31. Qf3 Qxf3 32. Bxf3 Bxe3 33. Bc3 Bf4 34. Kg2
Bb5 35. Bg4 Bd3 36. Bf5 Kf7 37. h3 Kf6 38. Kf3 Bc4 39. a3 Bxd5 40. Bc8 Bb3 41.
Be1 Bd1+ 42. Kf2 c5 43. Bd7 Kg5 44. Bc3 Kf6 45. Be1 Ke7 46. Bb5 Kd6 47. Bc3 Bb3
48. Kf3 g5 49. Be1 Bc1 50. Bc3 Be6 51. Kg3 Be3 52. Be2 c4 53. Bd1 Bd4 54. Bd2
Bxb2 55. a4 c3 56. Bxg5 Bc4 57. Bc2 b5 58. axb5 Bxb5 59. h4 Be8 60. h5 Bxh5 61.
Bd8 Bc1 62. Bxa5 Bd2 63. Bb4+ Ke6 64. Kf2 Kf6 65. Bd6 Bf7 66. Bc7 Bc4 67. Kf3
Ke6 68. Kf2 Kf6 69. Kf3 Be1 70. Ke3 Ke6 71. Kf3 Bd2 72. Kf2 Bb5 73. Kf3 Bc1 74.
Ba5 Bb2 75. Bc7 Bc4 76. Kg2 Be2 77. Kf2 Bg4 78. Bb3+ Kf6 79. Bd8+ Kg6 80. Bc7
1/2-1/2

[Event "BL 1011 SF Katernberg - SG Turm Trier"]
[Site "?"]
[Date "2010.12.12"]
[Round "6.6"]
[White "Zaragatski, Ilja"]
[Black "Kolbus, Dietmar"]
[Result "1/2-1/2"]
[WhiteElo "2490"]
[BlackElo "2332"]
[PlyCount "125"]
[EventDate "2010.??.??"]

1. c4 Nf6 2. Nc3 d5 3. cxd5 Nxd5 4. g3 Nb6 5. Bg2 g6 6. d3 Bg7 7. Be3 h6 8. Qd2
Kf8 9. Nf3 Nc6 10. O-O Kg8 11. Rab1 Nb4 12. a3 N4d5 13. Bd4 Bxd4 14. Nxd4 c6
15. Rfc1 Nc7 16. Nb3 Kh7 17. Nc5 Re8 18. b4 a6 19. a4 Nbd5 20. Nxd5 Nxd5 21. b5
axb5 22. axb5 Ra7 23. bxc6 bxc6 24. d4 Bd7 25. h4 h5 26. Qc2 Kg7 27. Nxd7 Qxd7
28. Qxc6 Qxc6 29. Rxc6 Rd8 30. e3 e6 31. Bf3 Nf6 32. Rcb6 Kf8 33. Rb7 Rxb7 34.
Rxb7 Rd6 35. Kg2 Rd8 36. Bd1 Ne4 37. Kf3 Nd6 38. Rb4 Rd7 39. e4 Rb7 40. Rxb7
Nxb7 41. e5 Na5 42. Ba4 Nc4 43. Bc6 Nb6 44. Bb7 Kg7 45. Kf4 Kh6 46. f3 Nd7 47.
g4 hxg4 48. fxg4 Nb6 49. Bc6 Nc8 50. Be8 Kg7 51. h5 gxh5 52. gxh5 Ne7 53. h6+
Kxh6 54. Bxf7 Nd5+ 55. Ke4 Nc7 56. Bxe6 Nxe6 57. d5 Nd8 58. e6 Kg7 59. e7 Nb7
60. Ke5 Kf7 61. d6 Nxd6 62. Kxd6 Ke8 63. Ke6 1/2-1/2

[Event "BL 1011 SF Katernberg - SG Turm Trier"]
[Site "?"]
[Date "2010.12.12"]
[Round "6.7"]
[White "Korman, Maxim"]
[Black "Ris, Robert"]
[Result "1-0"]
[WhiteElo "2192"]
[BlackElo "2416"]
[PlyCount "85"]
[EventDate "2010.??.??"]

1. e4 c5 2. Nf3 e6 3. c4 Nc6 4. Nc3 Nf6 5. Be2 e5 6. d3 g6 7. O-O Bg7 8. a3 O-O
9. Ne1 d6 10. Nc2 Ne8 11. b4 b6 12. Nd5 Nc7 13. Nxc7 Qxc7 14. Ne3 f5 15. exf5
gxf5 16. Bb2 Ne7 17. Bf3 Bb7 18. Bxb7 Qxb7 19. f4 Qd7 20. Qh5 Qe6 21. Rae1 Rf7
22. Re2 Raf8 23. Rfe1 Qg6 24. Qxg6 Nxg6 25. Nd5 exf4 26. Bxg7 Rxg7 27. Kf2 Ne5
28. Rxe5 dxe5 29. Rxe5 cxb4 30. axb4 Rd7 31. b5 Kg7 32. Kf3 a6 33. bxa6 Ra7 34.
Nb4 Kf6 35. Rb5 Kg5 36. Rxb6 h5 37. Nc6 Rf6 38. c5 Ra8 39. d4 Re6 40. h4+ Kxh4
41. Ne5 Rxa6 42. Rxa6 Rxa6 43. Kxf4 1-0